00209nam a2200085Ia 4500008004100000100001500041245004300056260001500099300000900114190216s9999||||xx |||||||||||||| ||und|| aKapoor A N 0aHand Book Of Commercial Correspondence bNullc1969 a342p